书目信息 |
| 题名: |
可持续发展生态景观
|
|
| 作者: | ;王丽娟 , 张帆 , 孟博 译 ;高迪国际出版公司 编 | |
| 分册: | ||
| 出版信息: | 大连 大连理工大学出版社 2014.07 |
|
| 页数: | 352页 | |
| 开本: | 33cm | |
| 丛书名: | 世界景观工程实录 | |
| 单 册: | ||
| 中图分类: | TU983 | |
| 科图分类: | ||
| 主题词: | 景观设计--jing guan she ji--作品集--世界--现代 | |
| 电子资源: | ||
| ISBN: | 978-7-5611-9174-3 | |
| 000 | 01270nam 2200325 450 | |
| 001 | CAL 0120141460990 | |
| 005 | 20150817105855.12 | |
| 010 | @a978-7-5611-9174-3@b精装@dCNY348.00 | |
| 100 | @a20150121d2014 em y0chiy50 ea | |
| 101 | 0 | @achi@aeng |
| 102 | @aCN@b210000 | |
| 105 | @aa z 001yy | |
| 106 | @ar | |
| 200 | 1 | @a可持续发展生态景观@Ake chi xu fa zhan sheng tai jing guan@d= Sustainable ecology landscape@f高迪国际出版有限公司编@g王丽娟, 张帆, 孟博译@zeng |
| 210 | @a大连@c大连理工大学出版社@d2014.07 | |
| 215 | @a352页@c彩图@d33cm | |
| 225 | 2 | @a世界景观工程实录@Ashi jie jing guan gong cheng shi lu |
| 320 | @a有索引 | |
| 330 | @a本书精选了世界各地经典的可持续发展生态景观设计案例, 从生态公园、湿地、工业改造、滨水景观和旧地再生五个范围内阐释了景观设计的新方法。内容包括汤瓦公园和肯金斯广场 ; 白莲池等。 | |
| 410 | 0 | @12001 @a世界景观工程实录 |
| 510 | 1 | @aSustainable ecology landscape@zeng |
| 586 | @a | |
| 606 | 0 | @a景观设计@Ajing guan she ji@x作品集@y世界@z现代 |
| 690 | @aTU983@v5 | |
| 702 | 0 | @a王丽娟@Awang li juan@4译 |
| 702 | 0 | @a张帆@Azhang fan@4译 |
| 702 | 0 | @a孟博@Ameng bo@4译 |
| 711 | 02 | @a高迪国际出版公司@Agao di guo ji chu ban gong si@4编 |
| 801 | 0 | @aCN@c20150820 |
| 905 | @a河南城建学院图书馆@dTU983@eG102@f1 | |
| 可持续发展生态景观= Sustainable ecology landscape/高迪国际出版有限公司编/王丽娟, 张帆, 孟博译.-大连:大连理工大学出版社,2014.07 |
| 352页:彩图;33cm.-(世界景观工程实录) |
| ISBN 978-7-5611-9174-3(精装):CNY348.00 |
| 本书精选了世界各地经典的可持续发展生态景观设计案例, 从生态公园、湿地、工业改造、滨水景观和旧地再生五个范围内阐释了景观设计的新方法。内容包括汤瓦公园和肯金斯广场 ; 白莲池等。 |
| ● |
| 相关链接 |
|
|
|
正题名:可持续发展生态景观
索取号:TU983/G102
 
预约/预借
| 序号 | 登录号 | 条形码 | 馆藏地/架位号 | 状态 | 备注 |
| 1 | 1165008 | 211650088 | 建筑库201/201建筑库 59排6列2层/ [索取号:TU983/G102] | 在馆 |